000 00742cam a2200217 a 4500
001 000018678
005 20200929165834.0
008 100513s1973 sp 000 0 spa d
020 _a8421120123
040 _aDO-SdBNP
_bspa
_cBNPHU
082 _axxx
_bD491e
100 1 _aDevereux, Georges
_940335
245 1 0 _aEnsayos de etnopsiquiatría general /
_cGeorges Devereux; prefacio Roger Bastide; traducción Francisco Monge.
246 1 _aEssais d´ethnopsychiatrie générale
260 _aBarcelona :
_bBarral,
_c1973.
300 _a399 p. ;
_c23 cm.
504 _aIncluye referencias bibliográficas y notas al pie de las páginas
700 1 _aBastide, Roger
_epref.
_940336
700 1 _aMonge, Francisco
_etr.
_940337
049 _aBNGR
999 _c18198
_d18198